|
|
|
|
| LEADER |
00000cam a2200000 7i4500 |
| 001 |
0000004040 |
| 005 |
20151008.0 |
| 020 |
0 |
0 |
|a 9789670622378
|
| 090 |
0 |
0 |
|a 634.9209595
|b FRIM 2015
|
| 245 |
0 |
0 |
|a Anugerah dan pengitirafan FRIM 2012-2014 :
|b Jejak kegemilangan, meniti 30 tahun
|c B. Praveena...[et.all.]
|
| 260 |
0 |
0 |
|a Selangor :
|b FRIM ,
|c 2015
|
| 300 |
|
|
|a viii124 pages. :
|b ill. ;
|c 21 cm.
|
| 650 |
0 |
0 |
|a Forest and forestry---Awards---2012-2014
|
| 650 |
0 |
0 |
|a Forest policy
|z Asia
|
| 650 |
0 |
0 |
|a Institut Penyelidikan Perhutanan Malaysia---Awards---2012-2014
|
| 700 |
1 |
1 |
|a M.Abd Latif
|
| 700 |
1 |
1 |
|a NM Nik Zanariah
|
| 998 |
|
|
|a JPSM
|
| 999 |
|
|
|a 007859
|b Monograph
|c Open Shelf
|e Default branch
|